A guide to the Land Compensation Act 1973 (Record no. 86223)

MARC details
000 -LEADER
fixed length control field 00607cam a2200193 4500
001 - CONTROL NUMBER
control field D7205
008 - FIXED-LENGTH DATA ELEMENTS--GENERAL INFORMATION
fixed length control field 090401t1974 xxu||||| |||| 00| 0 eng d
035 ## - SYSTEM CONTROL NUMBER
System control number (Sirsi) u5878
041 ## - LANGUAGE CODE
Language code of text/sound track or separate title eng
050 ## - LIBRARY OF CONGRESS CALL NUMBER
Classification number 711.026
100 ## - MAIN ENTRY--PERSONAL NAME
Personal name Moore, Victor
245 #2 - TITLE STATEMENT
Title A guide to the Land Compensation Act 1973
260 ## - PUBLICATION, DISTRIBUTION, ETC.
Place of publication, distribution, etc. London
Name of publisher, distributor, etc. Estates Gazette
Date of publication, distribution, etc. 1974
300 ## - PHYSICAL DESCRIPTION
Extent 64p
350 ## - PRICE (NR) (BK AM CF MU VM SE) [OBSOLETE]
Price 1.4
520 ## - SUMMARY, ETC.
Summary, etc. Sets out to explain the changes brought about by the legislation affecting land compensation. It's supplementing the fifth edition of Compulsory Purchase and Compensation.
942 ## - ADDED ENTRY ELEMENTS (KOHA)
Suppress in OPAC 0
948 ## - LOCAL PROCESSING INFORMATION (OCLC); SERIES PART DESIGNATOR (RLIN)
c (OCLC) 04/03/1997
Holdings
Withdrawn status Lost status Source of classification or shelving scheme Damaged status Not for loan Home library Current library Shelving location Date acquired Cost, normal purchase price Total Checkouts Full call number Barcode Date last seen Date last checked out Copy number Cost, replacement price Price effective from Koha item type
    Dewey Decimal Classification     London London Basement 14/09/1999 1.40 2 SHELF 132 30023529 06/08/2019 08/11/2000 1 1.40 06/08/2019 Book